Folk traditions and ecology in Himachal Pradesh / (Record no. 4352)

MARC details
000 -LEADER
fixed length control field 00600 a2200181 4500
010 ## - LCCN (DPL NO)
LC control number ENG-86163
020 ## - INTERNATIONAL STANDARD BOOK NUMBER
International Standard Book Number 8173871973
Terms of availability 350.00
035 ## - SYSTEM CONTROL NUMBER
System control number EN-69696
037 ## - SOURCE OF ACQUISITION
Source of stock number/acquisition DBAD / PUB
082 14 - DEWEY DECIMAL CLASSIFICATION NUMBER
Classification number 398.095415
100 1# - MAIN ENTRY--PERSONAL NAME
Personal name Bande, Usha
245 1# - TITLE STATEMENT
Title Folk traditions and ecology in Himachal Pradesh /
Statement of responsibility, etc by Usha Bande
260 ## - PUBLICATION, DISTRIBUTION, ETC. (IMPRINT)
Place of publication, distribution, etc New Delhi
Name of publisher, distributor, etc Indus Publishing
Date of publication, distribution, etc c2006
270 ## - ADDRESS
Address FS-5, Tagore Garden
City New Delhi
Postal code 110027
Telephone number 011-42133022, 011-42133622
Electronic mail address indus@indus-publishing.com
300 ## - PHYSICAL DESCRIPTION
Extent 175 p.
Dimensions 21cm. (Hb.)
500 ## - GENERAL NOTE
General note Includes index
942 ## - ADDED ENTRY ELEMENTS (KOHA)
Institution code [OBSOLETE] dpl
Item type English Books
Source of classification or shelving scheme Dewey Decimal Classification
Classification part 398.095415
Call number suffix BAN
Holdings
Withdrawn status Lost status Not for loan Collection code Home library Current library Source of acquisition Cost, normal purchase price Full call number Barcode Copy number Cost, replacement price Koha item type
    Not For Loan Non-fiction D.B.Act.Division D.B.Act.Division DBAD/PUB 350.00 398.095415 BAN EN-69696 1 350.00 English Books

© Delhi Public Library
Hit Counter
free hit counter